000 01924nam a2200481 i 4500
001 147912
003 FlNmELB
005 20241217182257.0
006 m o d |
007 cr cnu||||||||
008 180809s2015 mx a o 000 0 spa d
020 _z9786074019636
020 _a9781512951585 (e-book)
035 _a(MiAaPQ)EBC5426157
035 _a(Au-PeEL)EBL5426157
035 _a(OCoLC)1105918106
040 _aFINmELB
_bspa
_erda
_cFINmELB
050 4 _aHN120.Z9
_bS455 2015
080 _a316.344 (72)
082 0 _a305.560972
_223
245 0 0 _aSegregación urbana y espacios de exclusión :
_bejemplos de México y América Latina /
_cAdrián Guillermo Aguilar, Irma Escamilla H., coordinadores.
264 1 _aMéxico, D.F. :
_bUNAM, Instituto de Geografia :
_bEditorial Miguel Ángel Porrúa,
_c2015.
300 _a1 recurso en línea (542 páginas) :
_bilustraciones
336 _atexto
_btxt
_2rdacontent/spa
337 _acomputadora
_bc
_2rdamedia/spa
338 _arecurso en línea
_bcr
_2rdacarrier/spa
588 _aDescripción basada en recurso en línea; Título de la página del título en PDF (e-libro, visto August 9, 2010).
590 _aRecurso electrónico. Santa Fe, Arg.: e-libro, 2018. Disponible vía World Wide Web. El acceso puede estar limitado para las bibliotecas afiliadas a e-libro.
650 0 _aMarginality, Social
_zMexico.
650 0 _aMarginality, Social
_zLatin America.
650 0 _aCity planning
_zMexico.
650 0 _aCity planning
_zLatin America.
650 4 _aMarginalismo.
650 4 _aMedio social.
650 4 _aPlaneamiento urbano.
651 4 _aMéxico.
651 4 _aAmérica Latina.
655 4 _aLibros electrónicos.
700 1 _aAguilar, Adrián Guillermo,
_ecoordinador.
700 1 _aEscamilla H., Irma,
_ecoordinador.
797 2 _ae-libro, Corp.
856 4 0 _uhttps://elibro.net/ereader/politecnicointernacional/38777
999 _c147912
_d147912